000
00258nam a22001217a 4500
008
170608b xxu||||| |||| 00| 0 eng d
041
_a
eng
080
_a
32
100
_a
17
101
_a
SHP
245
_a
THE GLOBALIZATION
_c
LECHNER, F.J
942
_2
udc
_c
BK
999
_c
16545
_d
16545